Most Rural Countries of the World - Statistics

General Stats
  • This quiz has been taken 57 times
  • The average score is 20 of 25
Answer Stats
Population Country % Correct
514.6M China
98%
908.8M India
96%
21.8M Niger
91%
56.4M United States
91%
52.6M Democratic Republic of the Congo
89%
101.6M Nigeria
89%
115.9M Indonesia
87%
146.8M Pakistan
87%
26.8M Brazil
85%
95.4M Ethiopia
85%
60.1M Vietnam
85%
20.5M Iran
83%
35.9M Russia
83%
33.8M Thailand
81%
63.3M Egypt
80%
23.8M Mexico
80%
103.2M Bangladesh
78%
30M Sudan
78%
38.4M Kenya
74%
41.5M Tanzania
74%
60.1M Philippines
72%
30.2M Afghanistan
69%
34.9M Uganda
69%
37M Myanmar
61%
24M Nepal
56%
No matching quizzes found
Score Distribution
Percent of People with Each Score
Percentile by Number Answered
Your Score History
You have not taken this quiz